Le miroir d'Herodote : essai sur la representation de l'autre

Αποθηκεύτηκε σε:
Λεπτομέρειες βιβλιογραφικής εγγραφής
Κύριος συγγραφέας: Hartog, Francois
Μορφή: Βιβλίο
Γλώσσα:French
Δημοσίευση: Paris : Gallimard, 1991
Σειρά:Bibliotheque des histoires
Θέματα:
Ετικέτες: Προσθήκη ετικέτας
Δεν υπάρχουν, Καταχωρήστε ετικέτα πρώτοι!

MARC

LEADER 00000nam a2200000 i 4500
001 1/3206
008 960312s1991 fre d
020 |a 2-07-021714-0 
035 |l 10015136 
040 |a GR-MY-UA  |b gre  |e aacr 
041 0 |a fre 
082 0 |a 930 
100 1 |a Hartog, Francois. 
245 1 3 |a Le miroir d'Herodote :  |b essai sur la representation de l'autre /  |c Francois Hartog 
260 |a Paris :   |b Gallimard,   |c 1991 
300 |a 386 p. 
490 1 |a Bibliotheque des histoires 
504 |a Includes index 
600 1 0 |a Herodotus  |x History. 
650 0 0 |a History, Ancient  |x Historiography. 
830 0 |a Bibliotheque des histoires 
852 |a INST  |b LESVOS  |e 19960312  |h 930 HAR  |p 005100010674  |q 005100010674  |t BK  |y 0 
909 |a Λ  |b 035104 
922 |a 1ΔΩΡ  |b 199402  |c ΤΚΑ